000 00440nam a2200145Ia 4500
008 100415s9999 xx 000 0 und d
082 _b3445
_a500(54)
100 _aR.G.S
245 _aRecords Of The Geological Survey Of India Index
260 _aCalcatta
_c1935
_bGOVT. OF INDIA
365 _b0
630 _aRecords Of The Geological Survey Of India Index
730 _aRecords Of The Geological Survey Of India Index
942 _cBOOK
999 _c586432
_d586429